000
00203nam a22000857a 4500
008
160719b xxu||||| |||| 00| 0 eng d
100
_9
3051
_a
Jain S.K
245
_a
Science-7
260
_a
New Delhi
_b
Prachi
_c
2013
999
_c
2614
_d
2614